[Event "Europa ch s-16"]
[Site "Herceg Novi MNE"]
[Date "2008.09.19"]
[Round "5.37"]
[White "Khachykian, Shant"]
[Black "Zubaidullin, Rustam"]
[Result "1-0"]
[WhiteElo "2173"]
[BlackElo "1929"]
[PlyCount "53"]
[EventDate "2008.09.15"]
[EventType "swiss"]
[EventRounds "9"]
[Source "lmi"]
[SourceDate "2008.09.15"]

1. c4 c5 2. g3 Nc6 3. Bg2 g6 4. Nc3 Bg7 5. Nf3 e5 6. O-O Nge7 7. Ne1 O-O 8. Nc2
d6 9. a3 Be6 10. Ne3 Qd7 11. Rb1 Bh3 12. b4 Bxg2 13. Kxg2 f5 14. Ned5 Nxd5 15.
cxd5 Ne7 16. bxc5 Rab8 17. cxd6 Qxd6 18. f3 Kh8 19. e4 Rfc8 20. a4 f4 21. Qb3
Ng8 22. Ba3 Qd7 23. Nb5 a6 24. Nd6 Rd8 25. a5 Bf8 26. Nc4 Bxa3 27. Qxa3 1-0

[Event "Europa ch s-16"]
[Site "Herceg Novi MNE"]
[Date "2008.09.19"]
[Round "5.38"]
[White "De Schampheleire, Glen"]
[Black "Martin Fuentes, Alberto"]
[Result "0-1"]
[WhiteElo "1969"]
[BlackElo "2124"]
[PlyCount "38"]
[EventDate "2008.09.15"]
[EventType "swiss"]
[EventRounds "9"]
[Source "lmi"]
[SourceDate "2008.09.15"]

1. d4 Nf6 2. c4 e5 3. dxe5 Ng4 4. Bf4 g5 5. Bg3 Bg7 6. Nf3 Nc6 7. Nc3 Ngxe5 8.
Nxe5 Nxe5 9. e3 h5 10. h3 d6 11. Qc2 Be6 12. Nb5 c6 13. f4 gxf4 14. exf4 cxb5
15. fxe5 dxe5 16. cxb5 Rc8 17. Qa4 Qg5 18. Bh4 Qe3+ 19. Be2 Rc4 0-1

[Event "Europa ch s-16"]
[Site "Herceg Novi MNE"]
[Date "2008.09.19"]
[Round "5.50"]
[White "Vaarala, Eric"]
[Black "Tordeur, Jonathan"]
[Result "1-0"]
[WhiteElo "1765"]
[BlackElo "1993"]
[PlyCount "49"]
[EventDate "2008.09.15"]
[EventType "swiss"]
[EventRounds "9"]
[Source "lmi"]
[SourceDate "2008.09.15"]

1. e4 c5 2. Nf3 d6 3. d4 cxd4 4. Nxd4 Nf6 5. Nc3 a6 6. Bg5 e6 7. f4 Nbd7 8. Qf3
Qc7 9. O-O-O b5 10. Bd3 Bb7 11. Rhe1 Qb6 12. Nb3 Rc8 13. Kb1 b4 14. Ne2 a5 15.
Nbd4 Be7 16. Qh3 Bxe4 17. Bxe4 Nxe4 18. Nxe6 fxe6 19. Qxe6 Nxg5 20. fxg5 Rc5
21. Nd4 Re5 22. Rxe5 Nxe5 23. Nf5 Qc7 24. Nxd6+ Kf8 25. Rf1+ 1-0

[Event "Europa ch s-16"]
[Site "Herceg Novi MNE"]
[Date "2008.09.19"]
[Round "5.55"]
[White "Bolychevsky, Alexander"]
[Black "Zecevic, Ivan"]
[Result "0-1"]
[WhiteElo "1807"]
[BlackElo "1853"]
[PlyCount "50"]
[EventDate "2008.09.15"]
[EventType "swiss"]
[EventRounds "9"]
[Source "lmi"]
[SourceDate "2008.09.15"]

1. e4 c5 2. Nf3 Nc6 3. d4 cxd4 4. Nxd4 Nf6 5. Nc3 d6 6. Bg5 e6 7. Qd2 Be7 8. f3
Nxd4 9. Qxd4 O-O 10. O-O-O Qa5 11. h4 Bd7 12. g4 Rfc8 13. Kb1 b5 14. Bd2 b4 15.
Ne2 Rab8 16. h5 e5 17. Qg1 Be6 18. b3 Rxc2 19. Nc1 Rxa2 20. Nxa2 Bxb3 21. Nc1
Bxd1 22. Bg2 Ba4 23. g5 Rc8 24. gxf6 Bc2+ 25. Kb2 Qa3# 0-1

[Event "Europa ch s-16"]
[Site "Herceg Novi MNE"]
[Date "2008.09.21"]
[Round "6.1"]
[White "Ter-Sahakyan, Samvel"]
[Black "Prohaszka, Peter"]
[Result "1/2-1/2"]
[WhiteElo "2480"]
[BlackElo "2509"]
[PlyCount "42"]
[EventDate "2008.09.15"]
[EventType "swiss"]
[EventRounds "9"]
[Source "lmi"]
[SourceDate "2008.09.15"]

1. e4 c6 2. d4 d5 3. Nd2 dxe4 4. Nxe4 Bf5 5. Ng3 Bg6 6. Bc4 e6 7. N1e2 Bd6 8.
Nf4 Nf6 9. h4 Qc7 10. Nxg6 hxg6 11. Qf3 Nbd7 12. Bg5 c5 13. O-O-O cxd4 14. Bb5
Rc8 15. Qe2 a6 16. Bxd7+ Nxd7 17. Rxd4 Be5 18. Rdd1 Bxb2+ 19. Kxb2 Qc3+ 20. Kb1
Qb4+ 21. Ka1 Qc3+ 1/2-1/2

[Event "Europa ch s-16"]
[Site "Herceg Novi MNE"]
[Date "2008.09.21"]
[Round "6.2"]
[White "Nyzhnyk, Illya"]
[Black "Grandelius, Nils"]
[Result "1/2-1/2"]
[WhiteElo "2428"]
[BlackElo "2366"]
[PlyCount "111"]
[EventDate "2008.09.15"]
[EventType "swiss"]
[EventRounds "9"]
[Source "lmi"]
[SourceDate "2008.09.15"]

1. d4 Nf6 2. c4 g6 3. Nc3 d5 4. cxd5 Nxd5 5. Bd2 Bg7 6. e4 Nb6 7. Be3 O-O 8. h3
e5 9. dxe5 Bxe5 10. Nf3 Bxc3+ 11. bxc3 Qxd1+ 12. Kxd1 Re8 13. Bd3 Be6 14. Kc2
Bc4 15. Nd2 Bxd3+ 16. Kxd3 Nc6 17. Kc2 Rad8 18. Rad1 Ne5 19. Nb3 Rxd1 20. Rxd1
Nec4 21. Bxb6 axb6 22. Rd7 Rc8 23. Nd4 Kf8 24. Nb5 c6 25. Nd4 Rb8 26. Nf3 Ke8
27. Rd4 b5 28. a4 Ra8 29. axb5 Na3+ 30. Kb2 Nxb5 31. Rb4 f6 32. e5 fxe5 33. Rh4
h5 34. Nxe5 Rd8 35. Kb3 Rd6 36. g4 Rf6 37. f3 hxg4 38. Rxg4 Rf5 39. f4 g5 40.
Rxg5 Rxf4 41. Rg8+ Rf8 42. Rg3 Rf5 43. Nc4 Rh5 44. Kb4 Kd7 45. Rg7+ Kd8 46. Na5
Nd6 47. Nxb7+ Nxb7 48. Rxb7 Rxh3 49. Rf7 Kc8 50. c4 Rh5 51. c5 Rg5 52. Ka5
Rxc5+ 53. Kb6 Rc2 54. Rc7+ Kd8 55. Rxc6 Rxc6+ 56. Kxc6 1/2-1/2

[Event "Europa ch s-16"]
[Site "Herceg Novi MNE"]
[Date "2008.09.21"]
[Round "6.3"]
[White "Yilmaz, Mustafa"]
[Black "Biryukov, Alexander"]
[Result "1-0"]
[WhiteElo "2362"]
[BlackElo "2138"]
[PlyCount "111"]
[EventDate "2008.09.15"]
[EventType "swiss"]
[EventRounds "9"]
[Source "lmi"]
[SourceDate "2008.09.15"]

1. e4 e5 2. Bc4 Nf6 3. d3 Nc6 4. Nf3 h6 5. c3 d6 6. O-O g6 7. d4 Qe7 8. Re1 Bg7
9. Nbd2 Nh7 10. dxe5 dxe5 11. Nf1 Nd8 12. a4 Ng5 13. Ne3 Nde6 14. b3 Qf6 15.
Nxg5 hxg5 16. Nd5 Qd8 17. Ba3 Bf8 18. Bb2 Bd6 19. a5 a6 20. Be2 Bd7 21. Bg4 Bc5
22. Qf3 O-O 23. Bh3 c6 24. Nf6+ Kg7 25. Nxd7 Qxd7 26. Qg3 f6 27. Bg4 Qe7 28.
Rad1 Rad8 29. Qf3 Nf4 30. Rxd8 Qxd8 31. Rd1 Qxa5 32. g3 Qa2 33. gxf4 Qxb2 34.
fxe5 Qxb3 35. Rd7+ Kg8 36. Qh3 Qb1+ 37. Rd1 Bxf2+ 38. Kxf2 fxe5+ 39. Kg1 Qxe4
40. Be6+ Kg7 41. Bb3 g4 42. Rd7+ Kf6 43. Qh4+ Kf5 44. Be6+ Kxe6 45. Qe7+ Kf5
46. Qxf8+ Kg5 47. Qf2 Qb1+ 48. Kg2 Qe4+ 49. Kg3 Qf5 50. Qe3+ Kf6 51. Rxb7 e4
52. Qd4+ Ke6 53. Qd7+ Ke5 54. Qe7+ Kd5 55. Rd7+ Kc4 56. Qb4# 1-0

[Event "Europa ch s-16"]
[Site "Herceg Novi MNE"]
[Date "2008.09.21"]
[Round "6.4"]
[White "Sivuk, Vitaly"]
[Black "Dragomirescu, Robin-Alexandru"]
[Result "1-0"]
[WhiteElo "2324"]
[BlackElo "2232"]
[PlyCount "145"]
[EventDate "2008.09.15"]
[EventType "swiss"]
[EventRounds "9"]
[Source "lmi"]
[SourceDate "2008.09.15"]

1. e4 c5 2. Nc3 Nc6 3. Bb5 Nd4 4. Bc4 e6 5. Nf3 Nf6 6. O-O a6 7. d3 d5 8. exd5
exd5 9. Nxd5 Nxd5 10. Nxd4 cxd4 11. Qh5 Be6 12. Re1 Be7 13. Rxe6 O-O 14. Re2
Nf6 15. Qf3 b5 16. Bb3 Qd7 17. Bg5 Rae8 18. a4 Bd8 19. axb5 axb5 20. Rxe8 Rxe8
21. h3 h6 22. Bf4 g5 23. Bd2 Kg7 24. Ra6 Re5 25. Bb4 Be7 26. Bxe7 Re1+ 27. Kh2
Qxe7 28. g3 h5 29. Rb6 Nd7 30. Rxb5 Ne5 31. Qf5 g4 32. Bd5 Re2 33. Be4 Ng6 34.
hxg4 hxg4 35. Kg2 Rxc2 36. Qxg4 Qf6 37. Qf3 Ne5 38. Qxf6+ Kxf6 39. Kf1 Rc1+ 40.
Ke2 Rc2+ 41. Ke1 Ng4 42. Rf5+ Ke6 43. b4 Rb2 44. b5 Nf6 45. Rc5 Nxe4 46. dxe4
d3 47. f3 d2+ 48. Ke2 f6 49. Rd5 Rb3 50. g4 d1=Q+ 51. Kxd1 Rxf3 52. Kd2 Rg3 53.
Kc2 Rxg4 54. Kd3 Rg1 55. Kd4 Rb1 56. Kc5 Rc1+ 57. Kd4 Rd1+ 58. Kc5 Rc1+ 59. Kb4
Rb1+ 60. Ka5 Ra1+ 61. Kb6 Ra4 62. Kc6 Rxe4 63. Rc5 Rh4 64. b6 f5 65. b7 Rh8 66.
Kc7 Kf6 67. b8=Q Rxb8 68. Kxb8 Kg5 69. Kc7 Kg4 70. Kd6 f4 71. Ke5 f3 72. Ke4 f2
73. Rf5 1-0

[Event "Europa ch s-16"]
[Site "Herceg Novi MNE"]
[Date "2008.09.21"]
[Round "6.6"]
[White "Lorand, Norbert"]
[Black "Bregadze, Levan"]
[Result "1/2-1/2"]
[WhiteElo "2273"]
[BlackElo "2399"]
[PlyCount "199"]
[EventDate "2008.09.15"]
[EventType "swiss"]
[EventRounds "9"]
[Source "lmi"]
[SourceDate "2008.09.15"]

1. e4 c5 2. Nf3 d6 3. d4 cxd4 4. Nxd4 Nf6 5. Nc3 Nc6 6. Bg5 e6 7. Qd2 Be7 8.
O-O-O O-O 9. f4 Nxd4 10. Qxd4 Qa5 11. e5 dxe5 12. Qxe5 Qc5 13. Be2 h6 14. Bxf6
gxf6 15. Qxc5 Bxc5 16. Kb1 b6 17. Ne4 Be7 18. Nd6 Rd8 19. Nxc8 Raxc8 20. c3 f5
21. Kc2 Kg7 22. Ba6 Rb8 23. Bb5 Kf6 24. g3 h5 25. Be2 Rh8 26. Rd7 h4 27. g4
fxg4 28. Bxg4 h3 29. Rd3 Rh4 30. Bxh3 Rbh8 31. Bf1 Rxf4 32. Be2 Rf2 33. Rf3+
Rxf3 34. Bxf3 Ke5 35. Kb3 f5 36. Kc4 a6 37. a4 Rh4+ 38. Kb3 a5 39. Bb7 Kf6 40.
h3 e5 41. Bc8 e4 42. Rf1 f4 43. Bb7 f3 44. Bxe4 Rxe4 45. Rxf3+ Ke5 46. Rd3 Re2
47. Rd7 Bc5 48. h4 Rh2 49. h5 Rxh5 50. Kc4 Rh2 51. b3 Ke6 52. Rd3 Rh5 53. Rd8
Bd6 54. b4 axb4 55. cxb4 Rh4+ 56. Kb5 Ke7 57. Ra8 Rxb4+ 58. Kc6 Ke6 59. a5 bxa5
60. Rxa5 Rc4+ 61. Kb5 Rc3 62. Ra1 Rb3+ 63. Kc6 Be5 64. Rd1 Rc3+ 65. Kb5 Rc8 66.
Rd2 Bc3 67. Rd3 Ke5 68. Rd7 Bd4 69. Kb4 Ke4 70. Kb5 Rc5+ 71. Ka6 Kd3 72. Kb7
Rb5+ 73. Kc8 Kc4 74. Kd8 Re5 75. Re7 Rf5 76. Rc7+ Bc5 77. Kc8 Rf8+ 78. Kb7 Kb5
79. Rd7 Rf6 80. Rc7 Rh6 81. Kc8 Bd6 82. Rb7+ Kc6 83. Rc7+ Kd5 84. Rd7 Rh8+ 85.
Rd8 Rh2 86. Rd7 Ra2 87. Rb7 Ra8+ 88. Kd7 Rg8 89. Rb5+ Bc5 90. Rb7 Rh8 91. Rc7
Rb8 92. Rc8 Rb6 93. Rc7 Ra6 94. Rb7 Rg6 95. Rc7 Bb6 96. Rb7 Re6 97. Rb8 Rd6+
98. Ke7 Rh6 99. Kf7 Bd4 100. Rb5+ 1/2-1/2

[Event "Europa ch s-16"]
[Site "Herceg Novi MNE"]
[Date "2008.09.21"]
[Round "6.7"]
[White "Alonso Rosell, Alvar"]
[Black "Lyaskovsky, Valentin"]
[Result "1/2-1/2"]
[WhiteElo "2393"]
[BlackElo "2257"]
[PlyCount "87"]
[EventDate "2008.09.15"]
[EventType "swiss"]
[EventRounds "9"]
[Source "lmi"]
[SourceDate "2008.09.15"]

1. d4 Nf6 2. c4 g6 3. Nc3 Bg7 4. Nf3 O-O 5. g3 d6 6. Bg2 Nbd7 7. O-O e5 8. e4
exd4 9. Nxd4 Re8 10. h3 a6 11. b3 Rb8 12. Re1 c5 13. Nc2 b5 14. cxb5 axb5 15.
Bb2 b4 16. Nd5 Nxd5 17. Bxg7 Kxg7 18. Qxd5 Nf6 19. Qd3 Bb7 20. Re3 Qb6 21. Rae1
Ra8 22. Ra1 Re7 23. a3 bxa3 24. Rxa3 Rae8 25. Ra4 Qc6 26. Qc3 Re5 27. Ra1 Kg8
28. f4 R5e6 29. Rae1 Nxe4 30. Qd3 f5 31. b4 Qb6 32. bxc5 dxc5 33. Qc4 Kg7 34.
Kh2 Rd6 35. Qa4 Red8 36. Rb3 Qc6 37. Qa1+ Kh6 38. Bxe4 Rd2+ 39. Kg1 fxe4 40.
Ne3 Bc8 41. Qe5 Qd6 42. Qxe4 Kg7 43. h4 Rd4 44. Qf3 1/2-1/2

[Event "Europa ch s-16"]
[Site "Herceg Novi MNE"]
[Date "2008.09.21"]
[Round "6.8"]
[White "Nestorovic, Lazar"]
[Black "Rombaldoni, Axel"]
[Result "0-1"]
[WhiteElo "2269"]
[BlackElo "2374"]
[PlyCount "54"]
[EventDate "2008.09.15"]
[EventType "swiss"]
[EventRounds "9"]
[Source "lmi"]
[SourceDate "2008.09.15"]

1. e4 c5 2. Nf3 Nc6 3. Nc3 d6 4. d4 cxd4 5. Nxd4 e5 6. Ndb5 a6 7. Na3 b5 8. Nd5
Nce7 9. c4 Nxd5 10. exd5 bxc4 11. Bxc4 f5 12. O-O Nf6 13. b3 Be7 14. Bb2 O-O
15. Nc2 a5 16. Qe2 f4 17. f3 Kh8 18. Kh1 Nh5 19. Bc3 Bh4 20. Be1 Ng3+ 21. Bxg3
Bxg3 22. h3 Qh4 23. Rac1 Rf6 24. Bd3 Rh6 25. Kg1 Qg5 26. b4 Bxh3 27. gxh3 Bf2+
0-1

[Event "Europa ch s-16"]
[Site "Herceg Novi MNE"]
[Date "2008.09.21"]
[Round "6.9"]
[White "Sinitsin, Roman"]
[Black "Kanarek, Marcel"]
[Result "0-1"]
[WhiteElo "2258"]
[BlackElo "2349"]
[PlyCount "64"]
[EventDate "2008.09.15"]
[EventType "swiss"]
[EventRounds "9"]
[Source "lmi"]
[SourceDate "2008.09.15"]

1. d4 Nf6 2. c4 g6 3. Nc3 Bg7 4. e4 d6 5. Nf3 O-O 6. h3 e5 7. d5 a5 8. Bg5 Na6
9. g4 c6 10. Be2 Bd7 11. Nd2 Nc5 12. h4 Qb6 13. Bxf6 Bxf6 14. Qc2 Qd8 15. g5
Bg7 16. O-O-O f6 17. Rdg1 fxg5 18. hxg5 Rxf2 19. Qd1 Rf4 20. Rh2 Qe7 21. Qe1
Raf8 22. Qg3 R8f7 23. Rgh1 Bf8 24. Bf3 Qd8 25. Ne2 Qb6 26. Kc2 cxd5 27. Nxf4
exf4 28. Qf2 Bg7 29. b3 Qb4 30. Rxh7 Qc3+ 31. Kd1 dxe4 32. Nxe4 Nxe4 0-1

[Event "Europa ch s-16"]
[Site "Herceg Novi MNE"]
[Date "2008.09.21"]
[Round "6.10"]
[White "Janczarski, Michal"]
[Black "Sieciechowicz, Marcin"]
[Result "1/2-1/2"]
[WhiteElo "2238"]
[BlackElo "2311"]
[PlyCount "40"]
[EventDate "2008.09.15"]
[EventType "swiss"]
[EventRounds "9"]
[Source "lmi"]
[SourceDate "2008.09.15"]

1. c4 Nf6 2. g3 e6 3. Bg2 d5 4. Nf3 Be7 5. O-O O-O 6. b3 c5 7. Bb2 Nc6 8. d3 b6
9. e3 Bb7 10. Nc3 a6 11. cxd5 Nxd5 12. Nxd5 Qxd5 13. Ne5 Qd6 14. Nc4 Qc7 15.
Qg4 g6 16. f4 b5 17. Ne5 f5 18. Qe2 Nxe5 19. Bxe5 Qd7 20. Bxb7 Qxb7 1/2-1/2

[Event "Europa ch s-16"]
[Site "Herceg Novi MNE"]
[Date "2008.09.21"]
[Round "6.11"]
[White "Yaksin, Oleg"]
[Black "Firat, Burak"]
[Result "0-1"]
[WhiteElo "2307"]
[BlackElo "2219"]
[PlyCount "52"]
[EventDate "2008.09.15"]
[EventType "swiss"]
[EventRounds "9"]
[Source "lmi"]
[SourceDate "2008.09.15"]

1. e4 c5 2. b3 d6 3. Bb2 Nf6 4. Bb5+ Nbd7 5. d3 g6 6. Nd2 Bg7 7. f4 O-O 8. Ngf3
Nb8 9. d4 Nh5 10. g3 cxd4 11. Bxd4 Bxd4 12. Nxd4 Qb6 13. N2f3 e5 14. fxe5 dxe5
15. Nxe5 a6 16. g4 Ng7 17. Nxf7 Rxf7 18. Bc4 Be6 19. Qd3 Qb4+ 20. Ke2 Bxc4 21.
bxc4 Nc6 22. Nxc6 bxc6 23. Rhf1 Re7 24. Rae1 Ne6 25. Kf2 Rd8 26. Qe3 Qxc4 0-1

[Event "Europa ch s-16"]
[Site "Herceg Novi MNE"]
[Date "2008.09.21"]
[Round "6.12"]
[White "Mazur, Stefan"]
[Black "Valsecchi, Alessio"]
[Result "1-0"]
[WhiteElo "2237"]
[BlackElo "2298"]
[PlyCount "87"]
[EventDate "2008.09.15"]
[EventType "swiss"]
[EventRounds "9"]
[Source "lmi"]
[SourceDate "2008.09.15"]

1. e4 c5 2. Nf3 d6 3. d4 cxd4 4. Nxd4 Nf6 5. Nc3 g6 6. Be3 Bg7 7. f3 O-O 8. Qd2
Nc6 9. O-O-O d5 10. exd5 Nxd5 11. Nxc6 bxc6 12. Bd4 e5 13. Bc5 Be6 14. Ne4 Re8
15. h4 h6 16. g4 Qc7 17. g5 h5 18. Bc4 Red8 19. Qf2 Qa5 20. Qd2 Qxd2+ 21. Rxd2
Nf4 22. Rxd8+ Rxd8 23. Bxe6 Nxe6 24. Bxa7 Ra8 25. Be3 Rxa2 26. Kb1 Ra5 27. c3
Kf8 28. Kc2 Ke7 29. Rg1 Nf4 30. Bxf4 exf4 31. Re1 Be5 32. b4 Ra7 33. Kb3 Ke6
34. c4 Kf5 35. b5 cxb5 36. cxb5 Rd7 37. Nc5 Rd2 38. b6 Rb2+ 39. Kc4 f6 40. gxf6
Bxf6 41. b7 Bd8 42. Re8 Rc2+ 43. Kd5 Rd2+ 44. Kc6 1-0

[Event "Europa ch s-16"]
[Site "Herceg Novi MNE"]
[Date "2008.09.21"]
[Round "6.13"]
[White "Vardanian, Haik G"]
[Black "Strunski, Andreas"]
[Result "0-1"]
[WhiteElo "2177"]
[BlackElo "2294"]
[PlyCount "80"]
[EventDate "2008.09.15"]
[EventType "swiss"]
[EventRounds "9"]
[Source "lmi"]
[SourceDate "2008.09.15"]

1. e4 c5 2. Nf3 e6 3. d4 cxd4 4. Nxd4 a6 5. Bd3 Bc5 6. Nb3 Ba7 7. Qg4 Nf6 8.
Qg3 d6 9. Nc3 Nc6 10. Bg5 Bb8 11. O-O-O h6 12. Be3 d5 13. f4 d4 14. Nxd4 Nxd4
15. Bxd4 Nh5 16. Qf2 Nxf4 17. Kb1 O-O 18. Bc5 Be5 19. Bxf8 Qxf8 20. g3 Ng6 21.
Ne2 b5 22. h4 Bf6 23. Rhf1 Bb7 24. Qe3 Qe7 25. Qc1 Ne5 26. Nf4 g6 27. Qd2 Bg7
28. a3 h5 29. Qb4 Qc7 30. Be2 Rc8 31. c3 a5 32. Qd6 Bxe4+ 33. Ka1 Qb7 34. Rfe1
Kh7 35. Nh3 Kg8 36. Nf4 Bf6 37. Bf1 Kg7 38. Rd4 Rc6 39. Qxc6 Bxc6 40. Rdd1 b4
0-1

[Event "Europa ch s-16"]
[Site "Herceg Novi MNE"]
[Date "2008.09.21"]
[Round "6.14"]
[White "Lyaskovsky, Viktor"]
[Black "Witek, Tomasz"]
[Result "0-1"]
[WhiteElo "2289"]
[BlackElo "2125"]
[PlyCount "118"]
[EventDate "2008.09.15"]
[EventType "swiss"]
[EventRounds "9"]
[Source "lmi"]
[SourceDate "2008.09.15"]

1. e4 e6 2. d4 d5 3. Nc3 Bb4 4. e5 c5 5. a3 Bxc3+ 6. bxc3 Ne7 7. Qg4 Qc7 8.
Qxg7 Rg8 9. Qxh7 cxd4 10. Ne2 dxc3 11. f4 Bd7 12. Qd3 Nf5 13. Nxc3 Na6 14. Nb5
Qa5+ 15. Bd2 Qa4 16. Nc3 Qc6 17. Rb1 Nc5 18. Qb5 Qc7 19. Qb4 a6 20. Qb6 Qxb6
21. Rxb6 d4 22. Nd1 Bc6 23. Nf2 Nh4 24. Rxc6 bxc6 25. Bb4 Nd7 26. g3 a5 27. Bd2
Nf3+ 28. Ke2 Nxd2 29. Kxd2 Nc5 30. g4 Rb8 31. Bc4 Ke7 32. g5 Rb2 33. h4 Rgb8
34. h5 Rb1 35. Rh3 Rg1 36. h6 Kf8 37. Bd3 Rg2 38. Ke2 Nxd3 39. Rxd3 c5 40. Rh3
Rg1 41. Ne4 Kg8 42. Nxc5 Rc8 43. Ne4 Rxc2+ 44. Kd3 Rgc1 45. Kxd4 Rd1+ 46. Ke3
Ra2 47. Nf6+ Kh8 48. Ke4 Re2+ 49. Re3 Rxe3+ 50. Kxe3 Ra1 51. f5 exf5 52. Kf2
Ra2+ 53. Kf3 Rxa3+ 54. Kf4 Ra1 55. Kxf5 a4 56. e6 Rf1+ 57. Ke5 Re1+ 58. Ne4
fxe6 59. g6 a3 0-1

[Event "Europa ch s-16"]
[Site "Herceg Novi MNE"]
[Date "2008.09.21"]
[Round "6.15"]
[White "Holvason, Juri"]
[Black "Petenyi, Tamas"]
[Result "1/2-1/2"]
[WhiteElo "2041"]
[BlackElo "2289"]
[PlyCount "120"]
[EventDate "2008.09.15"]
[EventType "swiss"]
[EventRounds "9"]
[Source "lmi"]
[SourceDate "2008.09.15"]

1. e4 e5 2. Nf3 Nc6 3. d4 exd4 4. Nxd4 Bc5 5. Nxc6 Qf6 6. Qf3 Qxf3 7. gxf3 dxc6
8. Be3 Bb6 9. c4 Bxe3 10. fxe3 Ne7 11. Nc3 O-O 12. f4 Be6 13. O-O-O Rad8 14.
Be2 f6 15. b3 a6 16. Rd4 c5 17. Rxd8 Rxd8 18. Rd1 Rxd1+ 19. Kxd1 g5 20. Kd2 b6
21. Nd5 Bxd5 22. cxd5 Ng6 23. fxg5 fxg5 24. Bxa6 Ne5 25. Be2 Kg7 26. Ke1 Kf6
27. Kf2 h6 28. Kg3 Nf7 29. Bd3 Ne5 30. Be2 Kg6 31. a4 Kf6 32. h3 Kg6 33. Bb5
Kf6 34. Be2 Nf7 35. Kg4 Kg6 36. Bb5 h5+ 37. Kg3 h4+ 38. Kg2 Ne5 39. Be2 Kf6 40.
Kf2 Ke7 41. Kg2 Kd6 42. Kh2 Nd7 43. Kg2 Ne5 44. Kh2 c6 45. Bc4 cxd5 46. exd5 g4
47. hxg4 Nxg4+ 48. Kh3 Nxe3 49. Kxh4 Nxd5 50. Kg4 Ke5 51. Kf3 Nb4 52. Ke3 Nc6
53. Kd3 Kf4 54. Bb5 Ne5+ 55. Kc3 Ke4 56. b4 cxb4+ 57. Kxb4 Kd5 58. a5 bxa5+ 59.
Kxa5 Nc4+ 60. Bxc4+ Kd4 1/2-1/2

[Event "Europa ch s-16"]
[Site "Herceg Novi MNE"]
[Date "2008.09.21"]
[Round "6.16"]
[White "Yilmazyerli, Mert"]
[Black "Heimann, Andreas"]
[Result "0-1"]
[WhiteElo "2207"]
[BlackElo "2433"]
[PlyCount "130"]
[EventDate "2008.09.15"]
[EventType "swiss"]
[EventRounds "9"]
[Source "lmi"]
[SourceDate "2008.09.15"]

1. e4 e5 2. Nf3 Nc6 3. Bb5 a6 4. Ba4 Nf6 5. Bxc6 dxc6 6. d3 Bd6 7. Nbd2 c5 8.
b3 O-O 9. Bb2 Nd7 10. O-O f6 11. Nc4 Nb8 12. Nh4 Nc6 13. Nf5 Nd4 14. Ncxd6 cxd6
15. Nxd4 cxd4 16. c3 dxc3 17. Bxc3 Bd7 18. Rc1 Bc6 19. Qg4 d5 20. f4 exf4 21.
Qxf4 dxe4 22. dxe4 Qb6+ 23. Kh1 Rae8 24. Rce1 Qc5 25. Rf3 Re6 26. Rg3 Qe7 27.
Rge3 Qf7 28. Qf5 Rfe8 29. e5 fxe5 30. Qxf7+ Kxf7 31. Rxe5 Rxe5 32. Rxe5 Rd8 33.
Re1 Rd3 34. Rc1 Kg6 35. Kg1 Rd5 36. Re1 Rg5 37. Re2 h5 38. g3 Rc5 39. Re3 Kf5
40. Kf2 g5 41. h3 g4 42. h4 Be4 43. Ke1 Rd5 44. Bd2 Re5 45. Kd1 Re7 46. Kc1 Ke5
47. Rc3 Rf7 48. Rc8 Kd4 49. Rc4+ Kd5 50. Rc8 Rf1+ 51. Kb2 Rf2 52. Rd8+ Ke5 53.
Ka3 Rf3 54. Bf4+ Rxf4 55. Re8+ Kd4 56. gxf4 g3 57. Rg8 g2 58. Rg3 Kd5 59. Kb4
Ke6 60. Kc3 Kf5 61. Kd2 Kxf4 62. Rg5 Kf3 63. Ke1 b5 64. b4 Bb1 65. a3 Be4 0-1

[Event "Europa ch s-16"]
[Site "Herceg Novi MNE"]
[Date "2008.09.21"]
[Round "6.17"]
[White "Mammadov, Ayaz"]
[Black "Kaforos, Dimitrios-Alkis"]
[Result "1-0"]
[WhiteElo "2346"]
[BlackElo "2173"]
[PlyCount "65"]
[EventDate "2008.09.15"]
[EventType "swiss"]
[EventRounds "9"]
[Source "lmi"]
[SourceDate "2008.09.15"]

1. e4 c6 2. d4 d5 3. Nc3 dxe4 4. Nxe4 Bf5 5. Ng3 Bg6 6. h4 h6 7. Nf3 Nf6 8. Ne5
Bh7 9. Bc4 e6 10. Qe2 Nd5 11. c3 Nd7 12. Bd2 Nxe5 13. Qxe5 Qd6 14. Qe2 Be7 15.
Qg4 O-O-O 16. Qxg7 Bg6 17. Qe5 Qxe5+ 18. dxe5 Nb6 19. Be2 Nd7 20. Bf4 Nc5 21.
Rd1 Na4 22. Rxd8+ Rxd8 23. h5 Bb1 24. O-O Bxa2 25. Ra1 Bb3 26. Bxh6 b5 27. Bf3
Kb7 28. Be4 Nxb2 29. Rb1 Rd1+ 30. Kh2 Rxb1 31. Bxb1 Nd1 32. Ne4 a5 33. Bg7 1-0

[Event "Europa ch s-16"]
[Site "Herceg Novi MNE"]
[Date "2008.09.21"]
[Round "6.18"]
[White "Kamali, Mehran"]
[Black "Gretarsson, Hjorvar Steinn"]
[Result "0-1"]
[WhiteElo "2035"]
[BlackElo "2299"]
[PlyCount "58"]
[EventDate "2008.09.15"]
[EventType "swiss"]
[EventRounds "9"]
[Source "lmi"]
[SourceDate "2008.09.15"]

1. e4 c5 2. Nf3 e6 3. d4 cxd4 4. Nxd4 Nc6 5. Nc3 Qc7 6. Be3 a6 7. Bd3 Nf6 8.
O-O Bd6 9. f4 Bc5 10. Nf5 Ne7 11. Nxg7+ Kf8 12. Bxc5 Qxc5+ 13. Kh1 Kxg7 14. e5
Ne8 15. Ne4 Qc7 16. Qh5 Ng6 17. Ng5 d5 18. Rf3 Kg8 19. Qh6 Qe7 20. f5 exf5 21.
Bxf5 Bxf5 22. Rxf5 f6 23. e6 Nd6 24. Rxd5 fxg5 25. Rad1 Rf8 26. g4 Ne4 27. Rd7
Qf6 28. Rf7 Rxf7 29. exf7+ Kxf7 0-1

[Event "Europa ch s-16"]
[Site "Herceg Novi MNE"]
[Date "2008.09.21"]
[Round "6.19"]
[White "Klekowski, Maciej"]
[Black "Baron, Tal"]
[Result "0-1"]
[WhiteElo "2197"]
[BlackElo "2285"]
[PlyCount "64"]
[EventDate "2008.09.15"]
[EventType "swiss"]
[EventRounds "9"]
[Source "lmi"]
[SourceDate "2008.09.15"]

1. e4 c5 2. Nc3 Nc6 3. g3 g6 4. Bg2 Bg7 5. d3 d6 6. f4 e6 7. Nf3 Nge7 8. Be3
O-O 9. O-O b6 10. Bf2 Ba6 11. g4 f5 12. exf5 exf5 13. Ng5 Qd7 14. Re1 fxg4 15.
Ne6 Rf7 16. Nxg7 Kxg7 17. d4 Rd8 18. d5 Na5 19. b4 Nc4 20. b5 Bb7 21. Qe2 Na3
22. Bh4 Re8 23. Qe6 Bc8 24. Ne4 Nf5 25. Bf6+ Kf8 26. Bb2 Rxe6 27. dxe6 Qxe6 28.
Ng5 Qc4 29. Nxf7 Kxf7 30. Rad1 Nxc2 31. Rc1 Be6 32. Re4 Qxa2 0-1

[Event "Europa ch s-16"]
[Site "Herceg Novi MNE"]
[Date "2008.09.21"]
[Round "6.20"]
[White "Filippas, Sebastian"]
[Black "Klein, David"]
[Result "1/2-1/2"]
[WhiteElo "2240"]
[BlackElo "2135"]
[PlyCount "82"]
[EventDate "2008.09.15"]
[EventType "swiss"]
[EventRounds "9"]
[Source "lmi"]
[SourceDate "2008.09.15"]

1. d4 Nf6 2. c4 g6 3. Nc3 Bg7 4. e4 d6 5. Bg5 h6 6. Be3 Ng4 7. Bc1 e5 8. d5 f5
9. Be2 Nf6 10. exf5 gxf5 11. Bh5+ Nxh5 12. Qxh5+ Kf8 13. f4 Na6 14. Nge2 Qe8
15. Qh3 e4 16. O-O Kg8 17. Be3 Kh7 18. Bd4 Rg8 19. Bxg7 Rxg7 20. Nd1 Qg6 21.
Ne3 Bd7 22. Rfd1 Nc5 23. Rd2 Nd3 24. Qh4 c5 25. h3 a6 26. Nc1 Nxc1 27. Rxc1 Qg3
28. Qxg3 Rxg3 29. Kf2 Rg7 30. Rb1 b5 31. b4 cxb4 32. cxb5 axb5 33. Rxb4 Rc8 34.
Rc2 Rxc2+ 35. Nxc2 Rg8 36. Ne3 Ra8 37. Rb2 Kg6 38. Nc2 Rc8 39. Ne3 Ra8 40. Nc2
Rc8 41. Nb4 Rc4 1/2-1/2

[Event "Europa ch s-16"]
[Site "Herceg Novi MNE"]
[Date "2008.09.21"]
[Round "6.21"]
[White "Arslanov, Shamil"]
[Black "Pohjala, Henri"]
[Result "1-0"]
[WhiteElo "2228"]
[BlackElo "2035"]
[PlyCount "67"]
[EventDate "2008.09.15"]
[EventType "swiss"]
[EventRounds "9"]
[Source "lmi"]
[SourceDate "2008.09.15"]

1. e4 d5 2. exd5 Qxd5 3. Nf3 Nf6 4. d4 Bg4 5. Be2 c6 6. O-O Nbd7 7. c4 Qa5 8.
h3 Bh5 9. Bf4 e6 10. a3 Be7 11. Nc3 O-O 12. b4 Qd8 13. Qb3 a5 14. d5 cxd5 15.
cxd5 axb4 16. axb4 Rxa1 17. Rxa1 e5 18. Be3 e4 19. Nd4 Bxe2 20. Ndxe2 Ne5 21.
Ng3 Qd7 22. Ngxe4 Nxe4 23. Nxe4 Rd8 24. Rd1 b5 25. d6 Bf8 26. Bb6 Rb8 27. Nc5
Qc6 28. Bc7 Ra8 29. f4 Nc4 30. Qf3 Qxf3 31. gxf3 Nxd6 32. Bxd6 Rd8 33. Nb7 Rd7
34. Re1 1-0